| 000 | 02360cam a22004815i 4500 | ||
|---|---|---|---|
| 001 | 11198442 | ||
| 003 | USPCAS-E | ||
| 005 | 20180118181414.0 | ||
| 006 | m d | ||
| 007 | cr n | ||
| 008 | 141125s2014 gw | s |||| 0|eng d | ||
| 020 | _a9783319108551 | ||
| 020 | _a9783319108544 (print) | ||
| 024 | 7 |
_a10.1007/978-3-319-10855-1 _2doi |
|
| 035 | _a(WaSeSS)ssj0001386660 | ||
| 040 |
_dWaSeSS _c0 |
||
| 050 | 4 | _aTJ165 | |
| 072 | 7 |
_aTHRH _2bicssc |
|
| 072 | 7 |
_aTEC031000 _2bisacsh |
|
| 082 | 0 | 4 |
_a621.3126 _223 _bORG 2014 |
| 100 | 1 |
_aHuang, Hui. _eeditor. |
|
| 210 | 1 | 0 | _aOrganic and Hybrid Solar Cells |
| 245 | 1 | 0 |
_aOrganic and Hybrid Solar Cells _h[electronic resource] / _cedited by Hui Huang, Jinsong Huang. |
| 260 |
_aLondon: _bSpringer, _cc2014. |
||
| 502 | _a0 | ||
| 505 | 0 | _aIntroduction to Organic/Hybrid Solar Cells (OSC) -- Charge Transport and Recombination in OSC -- Donor Materials for OSC -- N-type Electron Accepting Materials for OSC -- Interfacial Layers in OSC -- Alternative Electrodes for OSC -- Inverted Organic Solar Cells -- Stability of OSC -- Research Progress and Manufacturing Techniques for Large Area Polymer Solar Cells -- Hybrid Solar Cells. | |
| 506 | _aLicense restrictions may limit access. | ||
| 520 | _aThis book delivers a comprehensive evaluation of organic and hybrid solar cells and identifies their fundamental principles and numerous applications. Great attention is given to the charge transport mechanism, donor and acceptor materials, interfacial materials, alternative electrodes, device engineering and physics, and device stability. The authors provide an industrial perspective on the future of photovoltaic technologies. | ||
| 650 | 0 | _aElectric engineering. | |
| 650 | 0 | _aSurfaces (Physics). | |
| 650 | 1 | 4 | _aEnergy. |
| 650 | 2 | 4 | _aEnergy Storage. |
| 650 | 2 | 4 | _aEnergy Technology. |
| 650 | 2 | 4 | _aCharacterization and Evaluation of Materials. |
| 700 | 1 |
_aHuang, Jinsong. _eeditor. |
|
| 710 | 2 | _aSpringerLink (Online service) | |
| 773 | 0 | _tSpringer eBooks | |
| 773 | 0 | _tSpringerLINK ebooks - Energy (2014) | |
| 776 | 0 | 8 |
_iPrinted edition: _z9783319108544 |
| 856 | 4 | 0 |
_uhttp://www.columbia.edu/cgi-bin/cul/resolve?clio11198442 _zFull text available from SpringerLINK ebooks - Energy (2014) |
| 910 | _aVendor-generated brief record | ||
| 942 |
_2ddc _cBK |
||
| 999 |
_c355818 _d355818 |
||